| 000 | 00367nam a22001697a 4500 | ||
|---|---|---|---|
| 003 | NUST - PNEC | ||
| 005 | 20170116181012.0 | ||
| 008 | 150913b xxu||||| |||| 00| 0 eng d | ||
| 020 | _a- | ||
| 040 | _cLIBRARY | ||
| 082 | _a621.38195 LOG | ||
| 245 | _aLogic databook: Vol 1 | ||
| 250 | _aVol 1 | ||
| 260 | _c- | ||
| 650 |
_910281 _aLogic _xMIS |
||
| 942 |
_2ddc _cBK |
||
| 999 |
_c67154 _d67154 |
||